Filozofia umenia /

Uložené v:
Podrobná bibliografia
Hlavný autor: Schelling, Friedrich Wilhelm Joseph von, 1775-1854 (Author)
Ďalší autori: Bakoš, Oliver, 1953- (Translator)
Médium: Kniha
Jazyk:Slovak
German
Vydané: Bratislava : Kalligram, 2007
Vydanie:1. vyd.
Témy:
ISBN: 8071499080 (viaz.)
Fyzický popis: 699 s. ; 19 cm
Tagy: Pridať tag
Žiadne tagy, Buďte prvý kto otaguje tento záznam!

MARC

LEADER 00000nam a2200000 a 4500
001 000294021
005 20070514130023.0
008 070321s2007 xr e 001 0 sloo
020 |a 8071499080 (viaz.) 
040 |a SVKKK  |b slo  |c SVKKK  |e AACR2 
041 1 |a slo  |h ger 
044 |a xr  |c CZ 
072 7 |a 7.01/.09  |x Umenie  |2 konspekt 
080 |a 7.01  |2 1997 
080 |a (082.21)  |2 1997 
100 1 |a Schelling, Friedrich Wilhelm Joseph von,  |d 1775-1854  |4 aut 
245 1 0 |a Filozofia umenia /  |c Friedrich Wilhelm Joseph Schelling ; [z nemeckých originálov preložil a doslov napísal Oliver Bakoš] 
250 |a 1. vyd. 
260 |a Bratislava :  |b Kalligram,  |c 2007 
300 |a 699 s. ;  |c 19 cm 
500 |a Údaj o prekl. prevzatý z rubu titul. strany 
504 |a Register. Poznámky 
650 0 7 |a filozofia umenia  |2 SVKKKPH 
655 7 |a výbery  |2 SVKKKPH 
655 7 |a zborníky  |2 SVKKKPH 
700 1 |a Bakoš, Oliver,  |d 1953-  |4 trl 
919 |a 80-7149-908-0 
998 |a BK 
090 |g SCKHL  |k Sklad Hlavná 10 prízemie  |a I.75296  |j 988644  |i 2720097092  |s Absenčne 
090 |g SCKHL  |k Sklad Hlavná 10 prízemie  |a I.75309  |j 988781  |i 2720097732  |s Absenčne